书目信息 |
| 题名: |
牡丹栽培技术
|
|
| 作者: | 贾文庆 主编 | |
| 分册: | ||
| 出版信息: | 北京 中国农业出版社 2019.05 |
|
| 页数: | 188页 | |
| 开本: | 23cm | |
| 丛书名: | ||
| 单 册: | ||
| 中图分类: | S685.11 | |
| 科图分类: | ||
| 主题词: | 牡丹--mu dan--观赏园艺 | |
| 电子资源: | ||
| ISBN: | 978-7-109-23879-4 | |
| 000 | 01042nam0 2200229 450 | |
| 001 | 0109110231 | |
| 005 | 20201109110340.0 | |
| 010 | @a978-7-109-23879-4@dCNY60.00 | |
| 100 | @a20190731d2019 em y0chiy50 ea | |
| 101 | 0 | @achi |
| 102 | @aCN@b110000 | |
| 105 | @aa z 000yy | |
| 106 | @ar | |
| 200 | 1 | @a牡丹栽培技术@Amu dan zai pei ji shu@f贾文庆主编 |
| 210 | @a北京@c中国农业出版社@d2019.05 | |
| 215 | @a188页@c图@d23cm | |
| 330 | @a本书内容共10章,第1章结合牡丹历史文化,全面介绍了牡丹国内外发展现状及前景;第2章介绍牡丹生物学特性与种质资源;第3-9章详细介绍了牡丹露地栽培、促成栽培(催花)、盆花栽培、无土栽培,切花栽培、油用及药用栽培等各种栽培技术体系,介绍了有关牡丹繁殖、栽培、养护管理、病虫害防治等方面详细知识与技术;第10章则通过对牡丹园林应用,商品化生产及社会文化等价值的全面介绍,拓展读者对牡丹应用价值的全面了解,多角度论述了牡丹是我国国花的鲜明观点。 | |
| 606 | 0 | @a牡丹@Amu dan@x观赏园艺 |
| 690 | @aS685.11@v5 | |
| 701 | 0 | @a贾文庆@Ajia wen qing@4主编 |
| 801 | 0 | @aCN@bBJSZM@c20201103 |
| 905 | @b1241359-62@dS685.11@e634@f4 | |
| 牡丹栽培技术/贾文庆主编.-北京:中国农业出版社,2019.05 |
| 188页:图;23cm |
| ISBN 978-7-109-23879-4:CNY60.00 |
| 本书内容共10章,第1章结合牡丹历史文化,全面介绍了牡丹国内外发展现状及前景;第2章介绍牡丹生物学特性与种质资源;第3-9章详细介绍了牡丹露地栽培、促成栽培(催花)、盆花栽培、无土栽培,切花栽培、油用及药用栽培等各种栽培技术体系,介绍了有关牡丹繁殖、栽培、养护管理、病虫害防治等方面详细知识与技术;第10章则通过对牡丹园林应用,商品化生产及社会文化等价值的全面介绍,拓展读者对牡丹应用价值的全面了解,多角度论述了牡丹是我国国花的鲜明观点。 |
| ● |
| 相关链接 |
|
|
|
|
正题名:牡丹栽培技术
索取号:S685.11/634
 
预约/预借
| 序号 | 登录号 | 条形码 | 馆藏地/架位号 | 状态 | 备注 |
| 1 | 1241359 | 212413592 | 第二样本阅览室/ [索取号:S685.11/634] | 在馆 | |
| 2 | 1241360 | 212413609 | 第三借阅区/ [索取号:S685.11/634] | 在馆 | |
| 3 | 1241361 | 212413618 | 第三借阅区/ [索取号:S685.11/634] | 在馆 | |
| 4 | 1241362 | 212413627 | 第三借阅区/ [索取号:S685.11/634] |
已借出,限还日期为2026.03.16 借出人:庞乔叶 |